| 000 | 01880nam0a2200361 4500 | ||
|---|---|---|---|
| 001 | RU\NLR\BIBL_A\012461495 | ||
| 005 | 20210310113657.0 | ||
| 010 |
_a978-5-7638-4369-9 _9100 |
||
| 021 |
_aRU _bКН-П-20-063436 _9КН-П-20-4758 |
||
| 035 | _a(NLR Aleph) 012461495 | ||
| 035 | _a(RuMoRGB)010461463 | ||
| 090 |
_a12027811 _c12027811 |
||
| 100 | _a20210226d2020 u y0rusy50 ca | ||
| 101 | 0 | _arus | |
| 102 | _aRU | ||
| 105 | _aa|||jzzz0||zy | ||
| 181 | 0 |
_ai _baxxe |
|
| 182 | 0 | _an | |
| 200 | 1 |
_aИнженерная геология _eучебное пособие _e[для студентов направления подготовки 08.03.01 "Строительство" и специальности 08.05.01 "Строительство уникальных зданий и сооружений"] _fС. С. Бондина, Т. А. Ананьева, С. А. Ананьев _gМинистерство науки и высшего образования Российской Федерации, Сибирский государственный университет |
|
| 203 |
_aТекст _bвизуальный _cнепосредственный |
||
| 210 |
_aКрасноярск _cСФУ _d2020 |
||
| 215 |
_a116 с. _cил., цв. ил., табл. _d21 |
||
| 320 | _aБиблиогр.: с. 105 (9 назв.) | ||
| 606 | 1 |
_aИнженерная геология _jУчебные издания для высших учебных заведений _2nlr_sh1 _2nlr_sh2 _3RU\NLR\AUTH\667913 |
|
| 686 | 1 | _aД49я73 | |
| 700 | 1 |
_aБондина _bС. С. _gСветлана Сергеевна |
|
| 701 | 1 |
_aАнаньева _bТ. С. _gТатьяна Сергеевна |
|
| 701 | 1 |
_aАнаньев _bС. А. _gСергей Анатольевич |
|
| 942 | _cBOOK | ||
| 980 | _aNBR | ||
| 980 | _aNB | ||